| 000 | 00802nam a2200217 i 4500 | ||
|---|---|---|---|
| 001 | 85766 | ||
| 003 | ES-MaACL | ||
| 005 | 20250808012656.0 | ||
| 007 | t| | ||
| 008 | 041201s1955 sp ||||1| spa d | ||
| 100 | 1 |
_aJunge, Werner. _967292 |
|
| 245 | 1 | 0 |
_aBolahun _b: un médico entre los brujos de la selva virgen de Africa / _cWerner Junge ; [traducción directa del alemán por Federico Armenter de Monasterio y Jesús Paluzie Bonell]. |
| 260 |
_aBarcelona : _bAymá, _c1955. |
||
| 300 |
_a223 p., 15 lám. ; _c22 cm. |
||
| 490 | 1 |
_aLos caminos de la vida ; _v14 |
|
| 700 | 1 |
_aArmenter de Monasterio, Federico. _922956 |
|
| 700 | 1 |
_aPaluzie Bonell, Jesús. _988724 |
|
| 830 | 0 | 4 |
_aLos caminos de la vida _v14 _9182340 |
| 852 |
_aES-MaACL _jC-9966 _bR.37577 |
||
| 999 |
_c85766 _d85766 |
||